[Event "XIII. Rakosmente Open"]
[Site "Budapest, Hungary"]
[Date "2015.10.30"]
[Round "3.10"]
[White "Posztos, Marcell"]
[Black "Benyeda, Tibor"]
[Result "1-0"]
[WhiteElo "1604"]
[BlackElo "1608"]
[PlyCount "75"]
[EventDate "2015.??.??"]

1. d4 d5 2. c4 e6 3. Nc3 Be7 4. Nf3 Nf6 5. Bg5 h6 6. Bh4 O-O 7. e3 Ne4 8. Bxe7
Qxe7 9. Bd3 Nxc3 10. bxc3 Nd7 11. O-O c6 12. Qc2 Nf6 13. cxd5 cxd5 14. Rfc1 b6
15. Rab1 Bb7 16. Qe2 Rfc8 17. c4 dxc4 18. Bxc4 Rc7 19. Ba6 Bxa6 20. Qxa6 Rd8
21. Ne5 Rd6 22. Qa4 Kh7 23. Rxc7 Qxc7 24. Qa3 Rd5 25. Rc1 Qb7 26. Qf8 Rb5 27.
Nxf7 Ng8 28. Nd6 Qc7 29. Rf1 Rd5 30. Ne8 Qd7 31. g4 Rg5 32. h3 h5 33. f3 Ra5
34. Rc1 Qe7 35. Qxe7 Nxe7 36. Rc7 Nd5 37. Rxg7+ Kh6 38. g5# 1-0

[Event "XIII. Rakosmente Open"]
[Site "Budapest, Hungary"]
[Date "2015.10.30"]
[Round "3.11"]
[White "Magyar, Erik Ferenc"]
[Black "Novak, Levente Peter"]
[Result "0-1"]
[WhiteElo "1077"]
[BlackElo "1561"]
[PlyCount "60"]
[EventDate "2015.??.??"]

1. e4 c5 2. c3 d5 3. exd5 Qxd5 4. d4 Nc6 5. Bb5 Bd7 6. Nf3 cxd4 7. Bxc6 Bxc6 8.
cxd4 e6 9. O-O Nf6 10. Re1 Bd6 11. Nc3 Qh5 12. h3 Rd8 13. Re3 O-O 14. Rd3 Rd7
15. Qb3 Qg6 16. Qd1 Rfd8 17. Nh4 Qh5 18. Qxh5 Nxh5 19. Be3 Nf4 20. Rd2 g5 21.
g3 Nxh3+ 22. Kh2 Nxf2 23. Bxg5 Ng4+ 24. Kh3 f6 25. Kxg4 fxg5 26. Nf3 h5+ 27.
Kxg5 Bxf3 28. Rf1 Rg7+ 29. Kf6 Bg4 30. Rdf2 Rf8# 0-1

[Event "XIII. Rakosmente Open"]
[Site "Budapest, Hungary"]
[Date "2015.10.30"]
[Round "3.12"]
[White "Benyeda, Monika"]
[Black "Belencsak, Istvan"]
[Result "1-0"]
[WhiteElo "1332"]
[BlackElo "1445"]
[PlyCount "47"]
[EventDate "2015.??.??"]

1. d4 d5 2. Nf3 c5 3. c4 cxd4 4. Nxd4 Nf6 5. Nc3 e5 6. Nf3 d4 7. Nd5 Nxd5 8.
cxd5 Qa5+ 9. Bd2 Qxd5 10. Rc1 Nc6 11. a3 a6 12. e3 b5 13. Qc2 Bb7 14. Bd3 Qe6
15. Be4 Rc8 16. Bf5 Nb4 17. Qxc8+ Bxc8 18. Rxc8+ Qxc8 19. Bxc8 dxe3 20. Bxb4
Bxb4+ 21. axb4 O-O 22. Bb7 Rb8 23. Be4 exf2+ 24. Kxf2 1-0

[Event "XIII. Rakosmente Open"]
[Site "Budapest, Hungary"]
[Date "2015.10.31"]
[Round "4.1"]
[White "Gyurkovics, Miklos"]
[Black "Bakk, Zoltan"]
[Result "0-1"]
[WhiteElo "2107"]
[BlackElo "2039"]
[PlyCount "68"]
[EventDate "2015.??.??"]

1. Nf3 c5 2. c4 Nc6 3. Nc3 e5 4. a3 g6 5. d3 d6 6. Rb1 a5 7. g3 Bg7 8. Qa4 Nge7
9. b4 cxb4 10. axb4 Bd7 11. b5 Nb4 12. Ba3 O-O 13. Bxb4 axb4 14. Qxb4 Qa5 15.
Qxa5 Rxa5 16. Bg2 f5 17. Rb3 Rc8 18. O-O e4 19. Nd2 d5 20. Nxd5 Nxd5 21. cxd5
exd3 22. exd3 Rc2 23. Nc4 Raa2 24. Nb6 Be8 25. d6 Bd4 26. d7 Bxd7 27. Nxd7
Bxf2+ 28. Rxf2 Rxf2 29. Bd5+ Kg7 30. Rc3 Rab2 31. h4 Rfd2 32. Rc1 Rxd3 33. Bxb7
Rxd7 34. Bc6 Rd3 0-1

[Event "XIII. Rakosmente Open"]
[Site "Budapest, Hungary"]
[Date "2015.10.31"]
[Round "4.2"]
[White "Horvath, Csaba"]
[Black "Kovacsy, Barnabas"]
[Result "1/2-1/2"]
[WhiteElo "1814"]
[BlackElo "1915"]
[PlyCount "27"]
[EventDate "2015.??.??"]

1. e4 c5 2. Nf3 e6 3. d4 cxd4 4. Nxd4 Nc6 5. c4 Nf6 6. Nc3 Bb4 7. Nxc6 bxc6 8.
Bd3 e5 9. Qc2 O-O 10. O-O Bc5 11. Qe2 d6 12. Be3 Bxe3 13. Qxe3 Nd7 14. b4
1/2-1/2

[Event "XIII. Rakosmente Open"]
[Site "Budapest, Hungary"]
[Date "2015.10.31"]
[Round "4.3"]
[White "Bartuszek, Andras"]
[Black "Yip, Michael"]
[Result "0-1"]
[WhiteElo "1829"]
[BlackElo "1949"]
[PlyCount "77"]
[EventDate "2015.??.??"]

1. e4 c5 2. Nf3 Nc6 3. d4 cxd4 4. Nxd4 Nf6 5. Nc3 d6 6. f3 e6 7. Be3 Be7 8. Qd2
a6 9. Bc4 Qc7 10. Bb3 Bd7 11. O-O-O b5 12. Ndxb5 axb5 13. Nxb5 Qb8 14. Nxd6+
Bxd6 15. Qxd6 Qxd6 16. Rxd6 Na5 17. Kb1 Nxb3 18. cxb3 Rc8 19. Rhd1 Ke7 20. b4
Rc6 21. R6d2 Rhc8 22. g4 R6c7 23. Bg5 e5 24. Be3 Be6 25. Bc5+ Ke8 26. Bd6 Ra7
27. b3 Nd7 28. g5 Rc3 29. Rd3 Rxd3 30. Rxd3 f6 31. h4 Ra8 32. Rc3 Kd8 33. Bc7+
Ke7 34. f4 exf4 35. gxf6+ Nxf6 36. e5 Nd5 37. Bd6+ Kd7 38. Rc5 f3 39. Rc2 0-1

[Event "XIII. Rakosmente Open"]
[Site "Budapest, Hungary"]
[Date "2015.10.31"]
[Round "4.4"]
[White "Czumbel, Peter"]
[Black "Szurkos, Andras"]
[Result "1-0"]
[WhiteElo "1845"]
[BlackElo "1793"]
[PlyCount "85"]
[EventDate "2015.??.??"]

1. e4 e5 2. d3 Nf6 3. Nf3 Nc6 4. g3 d5 5. Nbd2 Bg4 6. h3 Be6 7. Bg2 h6 8. O-O
Qd7 9. Kh2 g5 10. Ne1 h5 11. c3 Bc5 12. b4 Bb6 13. Nb3 h4 14. g4 Bxg4 15. f3
Be6 16. Bxg5 Nh5 17. f4 f6 18. f5 Bf7 19. Bxh4 Be3 20. Nc5 Bxc5 21. bxc5 Nf4
22. Bxf6 Bh5 23. Bf3 Bxf3 24. Rxf3 Rg8 25. Qb3 Rf8 26. Bg5 Na5 27. Qb2 dxe4 28.
dxe4 Qc6 29. Qb4 b6 30. cxb6 Rf7 31. Qxa5 axb6 32. Qb4 Ra4 33. Rd1 Rd7 34. Qb3
Rc4 35. Rxd7 Kxd7 36. Qd1+ Kc8 37. Qd8+ Kb7 38. Bxf4 Rxe4 39. Be3 Qxc3 40. Qd5+
c6 41. Qxe4 Qxe1 42. f6 Qe2+ 43. Rf2 1-0

[Event "XIII. Rakosmente Open"]
[Site "Budapest, Hungary"]
[Date "2015.10.31"]
[Round "4.5"]
[White "Heyl, Thomas"]
[Black "Posztos, Marcell"]
[Result "1-0"]
[WhiteElo "1976"]
[BlackElo "1604"]
[PlyCount "65"]
[EventDate "2015.??.??"]

1. c4 Nf6 2. g3 c5 3. Bg2 g6 4. Nf3 Bg7 5. O-O O-O 6. Nc3 Nc6 7. d4 cxd4 8.
Nxd4 e6 9. Ndb5 a6 10. Nd6 Ne8 11. Nce4 Nxd6 12. Nxd6 Qc7 13. Rb1 Nd4 14. Nxc8
Raxc8 15. b3 b5 16. Bb2 Qa7 17. e3 Nc6 18. Bxg7 Kxg7 19. Rc1 bxc4 20. Rxc4 d5
21. Ra4 Rb8 22. Qd3 Rb6 23. Rd1 Kg8 24. h4 Nb4 25. Qd4 Qb7 26. h5 Rc8 27. Qf6
gxh5 28. Qg5+ Kh8 29. Qe5+ Kg8 30. Qxh5 Rc2 31. Rd4 Kf8 32. Qxh7 Nxa2 33. Qxc2
1-0

[Event "XIII. Rakosmente Open"]
[Site "Budapest, Hungary"]
[Date "2015.10.31"]
[Round "4.6"]
[White "Simonyi, Gergo"]
[Black "Szentgyorgyi, Sandor"]
[Result "0-1"]
[WhiteElo "1756"]
[BlackElo "1854"]
[PlyCount "36"]
[EventDate "2015.??.??"]

1. e4 c5 2. Nf3 Nc6 3. d4 cxd4 4. Nxd4 g6 5. Nc3 Bg7 6. Be3 Nf6 7. f3 O-O 8.
Qd2 d5 9. O-O-O dxe4 10. Nxc6 Qxd2+ 11. Rxd2 bxc6 12. Bc4 exf3 13. gxf3 Bf5 14.
Rhd1 e6 15. Rd6 Nd5 16. Bc5 Rfd8 17. Rxc6 Bh6+ 18. Kb1 Nxc3+ 0-1

[Event "XIII. Rakosmente Open"]
[Site "Budapest, Hungary"]
[Date "2015.10.31"]
[Round "4.7"]
[White "Palagyi, Csaba"]
[Black "Kaloczi, Kristof"]
[Result "1-0"]
[WhiteElo "1938"]
[BlackElo "1830"]
[PlyCount "169"]
[EventDate "2015.??.??"]

1. e4 e6 2. d4 d5 3. e5 c5 4. c3 Nc6 5. Nf3 Qb6 6. a3 c4 7. Be2 Nge7 8. O-O Nf5
9. g4 Nh6 10. h3 Bd7 11. Nbd2 Na5 12. Rb1 f5 13. g5 Nf7 14. b3 cxb3 15. c4 dxc4
16. Nxc4 Nxc4 17. Bxc4 Rc8 18. Bxb3 Be7 19. Ba2 Qc7 20. d5 exd5 21. Qxd5 Nd8
22. Nd4 Bc6 23. Nxc6 Qxc6 24. Qd3 Qc2 25. Qb5+ Kf8 26. Qb3 Rc3 27. Qxc2 Rxc2
28. Bd5 b6 29. a4 Bc5 30. Be3 Ke7 31. Rfc1 Rxc1+ 32. Bxc1 Ne6 33. a5 Rd8 34.
axb6 Bxb6 35. Ba3+ Kf7 36. Bd6 Rc8 37. Rb2 Re8 38. Rc2 Kg6 39. h4 Kh5 40. Rc4
Kg6 41. Kf1 h6 42. gxh6 Kxh6 43. Bc6 Rd8 44. Bd5 Re8 45. Bf3 g5 46. hxg5+ Kxg5
47. Bb7 Nd4 48. Rc8 Rxc8 49. Bxc8 Kg4 50. e6 Nxe6 51. Bxe6 Kf3 52. Bd5+ Kg4 53.
Ke2 Bd4 54. f3+ Kg5 55. Kd3 Bb6 56. Kc4 Be3 57. Kb5 Kh4 58. Ka6 f4 59. Bb8 Kg3
60. Bxa7 Bc1 61. Kb7 Be3 62. Bb8 Kh4 63. Kc6 Kg3 64. Be5 Kh4 65. Kd7 Kg5 66.
Ke6 Kh4 67. Kf5 Kg3 68. Bc3 Bc1 69. Be1+ Kh3 70. Ke4 Be3 71. Be6+ Kg2 72. Bh4
Bc1 73. Bg4 Be3 74. Be1 Bc1 75. Kd3 Ba3 76. Ke4 Bc1 77. Kf5 Kf1 78. Bb4 Kg2 79.
Be1 Kf1 80. Bh4 Kg2 81. Bh5 Kh3 82. Be1 Be3 83. Bf7 Bc1 84. Bc4 Kg2 85. Kg4 1-0

[Event "XIII. Rakosmente Open"]
[Site "Budapest, Hungary"]
[Date "2015.10.31"]
[Round "4.9"]
[White "Kurko, Bence"]
[Black "Lakatos, Tamas"]
[Result "0-1"]
[WhiteElo "1302"]
[BlackElo "1649"]
[PlyCount "90"]
[EventDate "2015.??.??"]

1. d4 Nf6 2. Bg5 d5 3. Bxf6 exf6 4. Nf3 Nc6 5. e3 Be7 6. c3 Qd6 7. Bd3 Bg4 8.
Nbd2 Nd8 9. Qc2 h6 10. h3 Bd7 11. Nh4 b6 12. Nf5 Bxf5 13. Bxf5 c5 14. Nf3 Qc6
15. Bd3 Nb7 16. a4 c4 17. Be2 Nd6 18. a5 b5 19. O-O Rb8 20. Rfb1 Qd7 21. b3 O-O
22. b4 Bd8 23. Nd2 Re8 24. Re1 f5 25. Nf3 Bf6 26. Kh1 Ne4 27. Rf1 Qc7 28. Kg1
f4 29. exf4 Qxf4 30. Nh2 Nxc3 31. Qxc3 Rxe2 32. Rad1 Rbe8 33. g3 Qd6 34. Ng4
R2e7 35. Qf3 Re6 36. Ne3 Rd8 37. Qg4 Re4 38. Nf5 Rxg4 39. Nxd6 Rxd4 40. Nxb5
Rxd1 41. Rxd1 d4 42. Nxa7 c3 43. Nc6 Rd6 44. Nxd4 Rxd4 45. Rc1 Rxb4 0-1

[Event "XIII. Rakosmente Open"]
[Site "Budapest, Hungary"]
[Date "2015.10.31"]
[Round "4.10"]
[White "Novak, Levente Peter"]
[Black "Benyeda, Monika"]
[Result "0-1"]
[WhiteElo "1561"]
[BlackElo "1332"]
[PlyCount "84"]
[EventDate "2015.??.??"]

1. e4 c6 2. d4 d5 3. Nc3 dxe4 4. Nxe4 Bf5 5. Ng3 Bg6 6. h4 h6 7. Nf3 Nf6 8. h5
Bh7 9. Bd3 Bxd3 10. Qxd3 e6 11. Bd2 Nbd7 12. O-O-O c5 13. Bc3 Rc8 14. Rhe1 Nd5
15. Rxe6+ Be7 16. Ree1 c4 17. Qd2 N7f6 18. Bb4 O-O 19. Bxe7 Nxe7 20. c3 Re8 21.
Ne5 Qd5 22. f3 Nc6 23. Nxc6 bxc6 24. Rxe8+ Rxe8 25. Re1 Rxe1+ 26. Qxe1 Qg5+ 27.
Kd1 g6 28. hxg6 Qxg6 29. Ne4 Nxe4 30. Qxe4 Qxg2 31. Qg4+ Qxg4 32. fxg4 Kg7 33.
Ke2 Kg6 34. Kf3 f5 35. b3 cxb3 36. axb3 Kg5 37. gxf5 Kxf5 38. c4 h5 39. d5 cxd5
40. c5 Ke5 41. Kg3 d4 42. c6 Kd6 0-1

[Event "XIII. Rakosmente Open"]
[Site "Budapest, Hungary"]
[Date "2015.10.31"]
[Round "4.12"]
[White "Abraham, Lajos"]
[Black "Magyar, Erik Ferenc"]
[Result "1-0"]
[WhiteElo "1791"]
[BlackElo "1077"]
[PlyCount "41"]
[EventDate "2015.??.??"]

1. e4 c6 2. d4 d5 3. Nc3 dxe4 4. Nxe4 Bf5 5. Ng3 Bg6 6. f4 e6 7. Nf3 Nd7 8. Bc4
c5 9. Qe2 Nb6 10. Bb5+ Ke7 11. dxc5 Nc8 12. f5 a6 13. Bc4 Qa5+ 14. Bd2 Qxc5 15.
fxg6 hxg6 16. a3 Nb6 17. Bb4 Nxc4 18. Qxc4 b6 19. Bxc5+ bxc5 20. Qxc5+ Kf6 21.
Ne4# 1-0

[Event "XIII. Rakosmente Open"]
[Site "Budapest, Hungary"]
[Date "2015.10.31"]
[Round "5.1"]
[White "Bakk, Zoltan"]
[Black "Heyl, Thomas"]
[Result "1/2-1/2"]
[WhiteElo "2039"]
[BlackElo "1976"]
[PlyCount "78"]
[EventDate "2015.??.??"]

1. d4 d5 2. Nf3 e6 3. c4 c5 4. cxd5 exd5 5. g3 Nc6 6. Bg2 Nf6 7. O-O Be7 8. Nc3
O-O 9. Be3 c4 10. Ne5 Be6 11. f3 Ne8 12. Bf2 f6 13. Nxc6 bxc6 14. e4 Rb8 15.
Qe2 Nc7 16. Rfe1 Re8 17. Rad1 Qd7 18. Na4 Bb4 19. Nc5 Qc8 20. Rf1 Bh3 21. Bxh3
Qxh3 22. Be3 Ne6 23. Nxe6 Qxe6 24. Bf4 Bd6 25. Bxd6 Qxd6 26. Qd2 Rb4 27. Rfe1
Qb8 28. Rb1 Qb6 29. Qc3 Rb8 30. exd5 cxd5 31. Qe3 Qd6 32. Re2 Ra4 33. Ra1 Ra6
34. Qc3 Qd7 35. Qe3 Kf7 36. Kf2 Rab6 37. Rb1 Ra6 38. Ra1 Rab6 39. Rb1 Ra6
1/2-1/2

[Event "XIII. Rakosmente Open"]
[Site "Budapest, Hungary"]
[Date "2015.10.31"]
[Round "5.2"]
[White "Szentgyorgyi, Sandor"]
[Black "Gyurkovics, Miklos"]
[Result "0-1"]
[WhiteElo "1854"]
[BlackElo "2107"]
[PlyCount "78"]
[EventDate "2015.??.??"]

1. e4 c5 2. Nf3 e6 3. d4 cxd4 4. Nxd4 Qb6 5. Nb3 Qc7 6. Nc3 a6 7. Bd3 Nf6 8.
Bg5 Bd6 9. Qd2 h6 10. Bxf6 gxf6 11. g3 Bb4 12. f4 b6 13. O-O-O Bb7 14. Kb1 Nc6
15. a3 Be7 16. Rhe1 Kf8 17. Qe3 Na5 18. Nxa5 bxa5 19. Na4 Bc6 20. Qb6 Qxb6 21.
Nxb6 Rb8 22. Nc4 a4 23. Ka1 d5 24. Na5 Ba8 25. exd5 exd5 26. Rb1 Bd8 27. b4 f5
28. Bxf5 Bf6+ 29. Ka2 Bc3 30. Re2 d4 31. Be4 Re8 32. Bd3 Bd5+ 33. Nb3 Kg7 34.
Bxa6 axb3+ 35. cxb3 Rxe2+ 36. Bxe2 Re8 37. Bb5 Re3 38. Bc4 Be4 39. Rd1 d3 0-1

[Event "XIII. Rakosmente Open"]
[Site "Budapest, Hungary"]
[Date "2015.10.31"]
[Round "5.3"]
[White "Yip, Michael"]
[Black "Czumbel, Peter"]
[Result "1-0"]
[WhiteElo "1949"]
[BlackElo "1845"]
[PlyCount "65"]
[EventDate "2015.??.??"]

1. d4 Nf6 2. c4 g6 3. Nf3 Bg7 4. g3 O-O 5. Bg2 d6 6. O-O Nc6 7. Nc3 a6 8. d5
Na5 9. Nd2 c5 10. Qc2 Bh6 11. b3 Rb8 12. Nde4 Bxc1 13. Nxf6+ exf6 14. Qxc1 Kg7
15. Ne4 Re8 16. e3 b5 17. Qc3 b4 18. Qb2 Bf5 19. Nd2 Nb7 20. h3 h5 21. Rfe1 Qe7
22. e4 Bd7 23. f4 Kh7 24. Re3 f5 25. e5 h4 26. Rae1 hxg3 27. Nf3 Qf8 28. e6
fxe6 29. dxe6 Bc8 30. Ng5+ Kg8 31. e7 Qg7 32. Qxg7+ Kxg7 33. Bc6 1-0

[Event "XIII. Rakosmente Open"]
[Site "Budapest, Hungary"]
[Date "2015.10.31"]
[Round "5.4"]
[White "Kovacsy, Barnabas"]
[Black "Palagyi, Csaba"]
[Result "1-0"]
[WhiteElo "1915"]
[BlackElo "1938"]
[PlyCount "83"]
[EventDate "2015.??.??"]

1. e4 c5 2. Nf3 Nc6 3. d4 cxd4 4. Nxd4 Nf6 5. Nc3 e5 6. Ndb5 d6 7. Bg5 a6 8.
Na3 b5 9. Nd5 Be7 10. Bxf6 gxf6 11. c3 f5 12. Bd3 f4 13. Qe2 O-O 14. O-O-O Bg5
15. f3 Ne7 16. Nxe7+ Qxe7 17. Bc2 Be6 18. Bb3 Bxb3 19. axb3 Rfc8 20. Rd5 Qb7
21. Nc2 b4 22. c4 Be7 23. g3 a5 24. gxf4 a4 25. Rb5 Qc6 26. Rxb4 axb3 27. Rxb3
Qxc4 28. Qxc4 Rxc4 29. Rc3 Rxc3 30. bxc3 exf4 31. Rd1 Rc8 32. Kd2 Bf6 33. Nd4
Ra8 34. Ke2 Ra2+ 35. Rd2 Rxd2+ 36. Kxd2 Bxd4 37. cxd4 f5 38. exf5 Kf7 39. Kd3
d5 40. Kc3 Kf6 41. Kb4 Kxf5 42. Kc5 1-0

[Event "XIII. Rakosmente Open"]
[Site "Budapest, Hungary"]
[Date "2015.10.31"]
[Round "5.5"]
[White "Pentek, Aladar"]
[Black "Horvath, Csaba"]
[Result "0-1"]
[WhiteElo "1819"]
[BlackElo "1814"]
[PlyCount "66"]
[EventDate "2015.??.??"]

1. e4 c5 2. Nf3 e6 3. d4 cxd4 4. Nxd4 a6 5. a3 Nf6 6. Bd3 Qc7 7. Be3 d5 8. exd5
Nxd5 9. Bd2 Qe5+ 10. Be3 Nxe3 11. fxe3 Qxe3+ 12. Ne2 Nc6 13. Qd2 Bc5 14. Qxe3
Bxe3 15. Rf1 Bd7 16. Rf3 Bg5 17. Nbc3 Ne5 18. Rf1 Nxd3+ 19. cxd3 Bc6 20. Ne4
Be7 21. g3 Rd8 22. O-O-O O-O 23. N4c3 Rd7 24. Kc2 Rfd8 25. Nc1 Bg5 26. Ne4 Bxc1
27. Kxc1 Rxd3 28. Rxd3 Rxd3 29. Nd2 Bb5 30. Rf2 Re3 31. Kd1 Ba4+ 32. b3 Bxb3+
33. Nxb3 Rxb3 0-1

[Event "XIII. Rakosmente Open"]
[Site "Budapest, Hungary"]
[Date "2015.10.31"]
[Round "5.7"]
[White "Posztos, Marcell"]
[Black "Simonyi, Gergo"]
[Result "0-1"]
[WhiteElo "1604"]
[BlackElo "1756"]
[PlyCount "40"]
[EventDate "2015.??.??"]

1. d4 d5 2. c4 c6 3. Nc3 Nf6 4. Nf3 e6 5. Bf4 Nbd7 6. e3 Be7 7. cxd5 exd5 8.
Rc1 O-O 9. h3 Qa5 10. Bd3 Ne4 11. Qc2 Ndf6 12. O-O Bd6 13. Nxe4 dxe4 14. Bxd6
exf3 15. Bxf8 Qg5 16. g3 Bxh3 17. Rfd1 Qh6 18. Bxg7 Kxg7 19. Bf1 Bxf1 20. Qf5
Bg2 0-1

[Event "XIII. Rakosmente Open"]
[Site "Budapest, Hungary"]
[Date "2015.10.31"]
[Round "5.8"]
[White "Szurkos, Andras"]
[Black "Benyeda, Monika"]
[Result "1-0"]
[WhiteElo "1793"]
[BlackElo "1332"]
[PlyCount "53"]
[EventDate "2015.??.??"]

1. e4 c6 2. Nc3 d5 3. Nf3 dxe4 4. Nxe4 Bf5 5. Ng3 Bg6 6. h4 h6 7. Ne5 Bh7 8.
Qh5 g6 9. Bc4 e6 10. Qe2 Qf6 11. d4 Nd7 12. Nxd7 Kxd7 13. Be3 Ne7 14. Ne4 Qf5
15. Nc5+ Kc7 16. g4 Qf6 17. g5 hxg5 18. hxg5 Qf5 19. Bd3 Qd5 20. Be4 Qd8 21.
Bf4+ Kc8 22. Be5 Rg8 23. Rxh7 Nf5 24. O-O-O Qxg5+ 25. f4 Qd8 26. Rxf7 Bxc5 27.
Rc7+ 1-0

[Event "XIII. Rakosmente Open"]
[Site "Budapest, Hungary"]
[Date "2015.10.31"]
[Round "5.9"]
[White "Kaloczi, Kristof"]
[Black "Lakatos, Tamas"]
[Result "1/2-1/2"]
[WhiteElo "1830"]
[BlackElo "1649"]
[PlyCount "66"]
[EventDate "2015.??.??"]

1. d4 Nf6 2. c4 g6 3. Nf3 d5 4. e3 Bg7 5. Be2 c6 6. O-O O-O 7. Nc3 Re8 8. Ne5
Nbd7 9. f4 Nb6 10. c5 Nbd7 11. g4 Nxe5 12. fxe5 Nd7 13. e4 e6 14. Be3 b6 15. b4
f6 16. exf6 Bxf6 17. e5 Bg5 18. Qd2 Bxe3+ 19. Qxe3 Bb7 20. Qg3 Qe7 21. Rf2 Rf8
22. Raf1 bxc5 23. bxc5 Rad8 24. Rxf8+ Rxf8 25. Rxf8+ Qxf8 26. h4 Nb8 27. g5 Ba6
28. Bg4 Qf1+ 29. Kh2 Bc8 30. Qf3 Qxf3 31. Bxf3 Na6 32. a3 Nc7 33. Be2 Ba6
1/2-1/2

[Event "XIII. Rakosmente Open"]
[Site "Budapest, Hungary"]
[Date "2015.10.31"]
[Round "5.10"]
[White "Belencsak, Istvan"]
[Black "Toth, Nikoletta"]
[Result "1/2-1/2"]
[WhiteElo "1445"]
[BlackElo "1530"]
[PlyCount "64"]
[EventDate "2015.??.??"]

1. e4 e5 2. Nf3 Nc6 3. Bc4 Nf6 4. O-O Be7 5. Re1 d6 6. h3 Be6 7. Bb5 O-O 8. c3
h6 9. d4 exd4 10. cxd4 Bd7 11. Nc3 a6 12. Ba4 Re8 13. Bf4 Bf8 14. e5 Nh7 15.
Bc2 Be7 16. Qd3 Nf8 17. a3 Ng6 18. Nd5 dxe5 19. Bxe5 Rc8 20. Bh2 Nf8 21. Re2
Be6 22. Nf4 Bd7 23. d5 Nb8 24. Qb3 Bb5 25. Re4 Nbd7 26. Qe3 Nf6 27. Re5 N8d7
28. Re6 Nc5 29. Re5 Ncd7 30. Re6 Nc5 31. Re5 Ncd7 32. Re6 Nc5 1/2-1/2

[Event "XIII. Rakosmente Open"]
[Site "Budapest, Hungary"]
[Date "2015.10.31"]
[Round "5.12"]
[White "Magyar, Erik Ferenc"]
[Black "Kurko, Bence"]
[Result "1/2-1/2"]
[WhiteElo "1077"]
[BlackElo "1302"]
[PlyCount "78"]
[EventDate "2015.??.??"]

1. e4 c5 2. Nf3 d6 3. d4 cxd4 4. Qxd4 Nc6 5. Bb5 Bd7 6. Bxc6 bxc6 7. Nc3 c5 8.
Qd3 Nf6 9. e5 Ng4 10. Qe4 Qb8 11. exd6 Nf6 12. Qf4 Qxd6 13. O-O e6 14. Rd1 Qxf4
15. Bxf4 Be7 16. Bd6 Bxd6 17. Rxd6 Ke7 18. Rad1 Rhd8 19. R6d3 Bc6 20. Rxd8 Rxd8
21. Rxd8 Kxd8 22. Ne5 Be8 23. Kf1 Ke7 24. Ke2 Kd6 25. f4 Nd5 26. Ne4+ Kc7 27.
Nxc5 Nxf4+ 28. Kf3 Nd5 29. c4 Ne7 30. b4 Bc6+ 31. Kg3 Nf5+ 32. Kf2 Be8 33. a4
Kd6 34. Nf3 f6 35. Nb7+ Kc7 36. Nc5 e5 37. g4 Nd6 38. Nd2 g6 39. a5 f5 1/2-1/2

[Event "XIII. Rakosmente Open"]
[Site "Budapest, Hungary"]
[Date "2015.10.31"]
[Round "5.13"]
[White "Benyeda, Tibor"]
[Black "Abraham, Lajos"]
[Result "1/2-1/2"]
[WhiteElo "1608"]
[BlackElo "1791"]
[PlyCount "77"]
[EventDate "2015.??.??"]

1. Nf3 b6 2. d4 Ba6 3. Nbd2 Nf6 4. g3 d5 5. Bg2 e6 6. O-O Nbd7 7. Re1 Bd6 8. e4
dxe4 9. Nxe4 Nxe4 10. Rxe4 Bb7 11. Re1 O-O 12. Bg5 Qc8 13. c3 a5 14. Qa4 c6 15.
a3 b5 16. Qc2 c5 17. Rad1 Ra6 18. Rd2 Bd5 19. Nh4 Bxg2 20. Nxg2 cxd4 21. Rxd4
Be5 22. Rh4 g6 23. Qc1 f5 24. Qd2 Bf6 25. Bxf6 Nxf6 26. Rd4 Kf7 27. Rd1 Ra7 28.
Qh6 Kg8 29. Qe3 Re7 30. Qd3 Qb7 31. Qe3 Kg7 32. Qe5 Kf7 33. Qe3 Rd7 34. Rxd7+
Nxd7 35. Rd6 Re8 36. Qd4 Nf6 37. Rb6 Qf3 38. Qe3 Qd1+ 39. Qe1 1/2-1/2